000 00684nam a2200289Ia 4500
005 20260324134234.0
008 008 260324s9999 xx 000 0 eng d
020 _a9781315241524
037 _aEBOOK
040 _aCRL
040 _beng
040 _cCRL
041 _2eng
041 _aeng
084 _qCRL
100 _aMichelle Still
_91196086
245 4 _aThe Abbot and the Rule
245 0 _bReligious Life at St Albans, 1290–1349
260 _bTaylor and Francis
260 _c2002
365 _a
365 _b65.99
856 _uhttp://www.taylorfrancis.com/books/9781315241524
942 _cEBOOK
999 _c1795939
_d1795939